000 00553ntaaa2200193 4500
003 01
005 20251027202933.0
008 0714s1973 ag 01
040 _aAR-BaBN
_bspa
_cAR-BaBN
_eaacr
_dRIC
082 _a922.8200 K77
100 _aWaugh, Evelyn
_930016
245 _aThe life of Ronald Knox
250 _a1 ed.
260 _aLondon :
_bCollins,
_c1962
300 _a317 p
500 _aBiografía de Ronald Arbuthnott Knox (1888-1957), católico, quen tradujo la Biblia
650 _aKnox, Ronald Arbuthnott (1888-1957)
_930017
942 _cBK
999 _c24664
_d24664